Imiona Patronów Ulic Katowic - Statystyki

Ogólne statystyki
  • Ten quiz został rozwiązany 15 razy
  • Średni wynik to 7 z 14
Statystyki odpowiedzi
Hint Odpowiedź % Poprawnych
Lompa Józef
77%
Antall Józef
77%
Duda-Gracz Jerzy
69%
Drzymała Michał
69%
Wigura Stanisław
62%
Głowacki Bartosz
54%
Sławik Henryk
54%
Bocheński Feliks
46%
Żwirko Franciszek
46%
Radecki Marcin
46%
Ligoń Juliusz
38%
Damrot Konstanty
31%
Badura Szymon
31%
Roźdzeński Walenty
31%
Nie znaleziono quizów pasujących do podanych kryteriów
Rozkład punktacji
Procent ludzi z każdym wynikiem
Percentyl według liczby udzielonych odpowiedzi
Twoja historia wyników
Nie rozwiązałeś tego quizu